Reserva de Ley estatal y autonoma̕ tributaria cuestiones conflictivas /

Bibliographic Details
Main Author: Calvo Vřgez, Juan
Other Authors: Martn̕ Queralt, Juan (pr.)
Format: Unknown
Language:Spanish
Published: Madrid : Dykinson, 2006
Subjects:
Online Access:Acceso restringido

MARC

LEADER 00000ny a22000003n 4500
005 20110617142623.0
008 060208s2006 sp 00||0 spa d
017 |a D.L.M1603-06 
020 |a 9788497728034 
035 |a 1386 
040 |a Mpons  |d vLex 
090 |c 837  |d 837 
100 1 |a Calvo Vřgez, Juan 
245 1 0 |a Reserva de Ley estatal y autonoma̕ tributaria  |h [Recurso electrn̤ico]  |b cuestiones conflictivas /  |c Juan Calvo Vřgez ; prl̤ogo de Juan Martn̕ Queralt 
256 |a Servicio en ln̕ea 
260 |a Madrid :  |b Dykinson,  |c 2006 
300 |a 225 p. ;  |c 24 cm 
506 1 |a Contenido solo disponible en los productos indicados  |d vLex Global  |d vLex Global (Academic Edition, excluding Law Schools)  |d vLex Global (U.S. Academic Edition, Law Schools)  |d vLex Global (U.S. Academic Edition, excluding Law Schools)  |d vLex Global (Academic Edition, Law Schools) 
650 0 7 |2 Tesauro vLex  |a Tributario 
650 0 7 |a Derecho foral  |2 Tesauro vLex 
650 0 7 |2 Tesauro vLex  |a Autonoma̕ tributaria 
650 0 7 |2 Tesauro vLex  |a Reserva de ley 
700 1 |a Martn̕ Queralt, Juan,  |e pr. 
740 0 |a vLex Libros (Servicios en ln̕ea) 
856 4 0 |z Acceso restringido  |u http://vlex.com/source/1386 
942 |c BOOK 
999 0 |a Law  |b Madrid